Дело о выкупе земельных наделов временнообязанными крестьянами Р.Л. Шатковского, бывшего В.А. Ловейко, сельца Плотки Ливенского ...

Доступно только в Электронных читальных залах Найти на картеНа карте
RUSMARC
00004139nmc2a2200000 x 450
001601d3df1-89b0-4b9b-b396-3d8e9da623dc
00520170920201326.0
100##$a20140401l18891890k l0rusy0189 ca
1010#$arus
102##$aRU
2001#$aДело о выкупе земельных наделов временнообязанными крестьянами Р.Л. Шатковского, бывшего В.А. Ловейко, сельца Плотки Ливенского уезда Орловской губернии
$j12 апреля 1889 г. - 7 августа 1890 г.
251##$cДело
300##$aДело
300##$aОриг. заголовок дела: Дело Ловейко В.А., ныне Шатковского Р.Л., Орловской губернии Ливенского уезда сельца Плотки. 12 апреля 1889 г. - 7 августа 1890 г
801#0$aRU
$bРГИА
$c20140401
$gRCR
801#1$aRU
$bГлавНИВЦ
$c20140401
$2rusmarc
801#2$aRU
$bПБ им. Б.Н. Ельцина
$c20170920
$gRCR
$2rusmarc
850##$aРГИА
852##$aРГИА
$eФедеральное казенное учреждение "Российский государственный исторический архив" (РГИА)
$j1741
937##$hРГИА
$d11067773
$aASBIBLIO_SCAN
462#0$10012327ab3a-0548-404e-b4cb-e37355ac5039
$12001
$a1863-1889 гг.
$1251
$cОпись
$1852
$j26
461#0$10018ef30ad5-ff5c-4840-a721-74c62a200f95
$12001
$aГлавное выкупное учреждение Министерства финансов
$1251
$cФонд
$1852
$j577
215##$a39 л.
$d36,5х26 см
371##$aДокумент не является опубликованным и широко распространяемым
105##$ay###
1222#$ad
5171#$aДело Ловейко В.А., ныне Шатковского Р.Л., Орловской губернии Ливенского уезда сельца Плотки. 12 апреля 1889 г. - 7 августа 1890 г.
035##$a601d3df1-89b0-4b9b-b396-3d8e9da623dc
856##$uhttp://readingroom.main.prlib.ru/item.aspx?id_node=n105065728&mode=full
Формат отображения